[Event "45th FIDE Chess Olympiad Open"]
[Site "Budapest, Hungary"]
[Date "2024.09.13"]
[Round "3.240"]
[White "Khayat, Emad"]
[Black "Munoz Sanchez, Miguel"]
[Result "0-1"]
[WhiteElo "1907"]
[BlackElo "2181"]
[PlyCount "68"]
[EventDate "2024.??.??"]
[WhiteTeam "Saudi Arabia"]
[BlackTeam "Ecuador"]
[WhiteTeamCountry "SAU"]
[BlackTeamCountry "ECU"]
[WhiteClock "0:01:18"]
[BlackClock "0:04:40"]

1. d4 {Marin,Mihail} Nf6 2. Nf3 e6 3. c4 c5 4. d5 b5 5. dxe6 fxe6 6. cxb5 d5 7. Nc3 Be7 ({RR} 7... Nbd7 8. e4 d4 9. e5 Ng4 10. Ne4 Bb7 ({RR} 10... Ndxe5 11. Nxe5 Nxe5 12. Qh5+ Nf7 13. Nxc5 g6 14. Qf3 Bxc5 15. Qc6+ ({RR} 15. Qxa8 O-O) 15... Qd7 16. Qxc5 Bb7 17. f3 Rc8 18. Qa3 Qd5 19. Bd3 Nd6 20. O-O O-O ({RR} 20... Nxb5 21. Qa5) 21. Bh6) 11. Nfg5 ({RR} 11. Bd3 c4 12. Nxd4 Bb4+ 13. Nc3 Qh4 14. Qd2 ({RR} 14. g3 Nxf2 15. gxh4 Nxd1 16. Kxd1) 14... Ndxe5 ({RR} 14... cxd3) 15. Bf1 O-O 16. g3 Qh5) ({RR} 11. Qe2 Bd5 ({RR} 11... Ndxe5) 12. Nxd4 cxd4 13. Qxg4 Nxe5 14. Qh5+ Ng6 ({RR} 14... Nf7 15. Bd3 ({RR} 15. Ng5 g6 16. Nxf7 Kxf7 17. Qg4 Bb4+ 18. Bd2 Bxd2+ 19. Kxd2 Qa5+ 20. Kd1 Rhd8) 15... Bb4+ 16. Ke2 g6 17. Qh3 O-O) 15. Bd3 Bb4+ 16. Ke2 ({RR} 16. Bd2 Bxe4 17. Bxe4 Bxd2+ 18. Kxd2 O-O 19. f3 Rc8) 16... Qc7 17. a3 ({RR} 17. Rd1 O-O-O 18. Bg5 Qe5) 17... Be7 18. Bd2 ({RR} 18. Ng5 Qe5+ 19. Kf1 O-O-O) 18... O-O 19. Rhc1 Qb7 20. f3 Rf5 21. Qh3 Ne5 22. a4 Nxd3 23. Kxd3 a6) 11... Ndxe5 12. f4 ({RR} 12. Be2 Bxe4 ({RR} 12... Nf6 13. Nxe6) 13. Nxe4 Qd5 14. Ng3 h5 ({RR} 14... Nf6 15. f4) 15. h3 Nf6 16. f4 Qxg2) 12... Bxe4 13. fxe5 Bf5 14. Bd3 Bxd3 ({RR} 14... Qd5 15. O-O g6 16. Bf4 ({RR} 16. Qe2 Bg7 17. Bc4 Qxe5 18. Qxe5 Bxe5 19. Nxe6 ({RR} 19. h3 Ne3) 19... Bxh2+ 20. Kh1 Bd6) 16... Be7 ({RR} 16... Bg7 17. Be4 Bxe4 18. Nxe4 Qxe4 19. Qxg4 Qd5 20. Bg5) 17. Be4 Bxe4 18. Nxe4 Nxe5) 15. Qxd3 Nxe5 16. Qh3 Qf6 17. Nxe6 ({RR} 17. Qxe6+ Be7) ({RR} 17. Rf1 Qg6 18. Nxe6 Nd3+ 19. Ke2 Qe4+ 20. Kd1) 17... Nd3+ 18. Ke2 ({RR} 18. Qxd3 Qxe6+ 19. Kd1 O-O-O) 18... c4 19. Nc7+ ({RR} 19. Rf1 Nxc1+ 20. Raxc1 d3+ 21. Ke3 Qe5+ 22. Kf2 Bc5+ 23. Nxc5 O-O+) 19... Kd8 20. Ne6+ ({RR} 20. Bg5 Kxc7 21. Bxf6 Nf4+) 20... Ke8 ({RR} 20... Ke7 21. Bg5 Qxg5 22. Nxg5 Nf4+ 23. Kf3 Nxh3 24. gxh3 Kf6 25. Ne4+ ({RR} 25. Kg4 h5+ 26. Kh4 Re8) 25... Ke5 26. Rhe1 Bb4) 21. Nc7+ ({RR} 21. Rf1 Qe5+ 22. Kd1) 21... Kd8 22. Ne6+ {Mamedyarov,S (2757)-Nisipeanu,L (2693) Sofia 2007 CBM 118 [Marin,Mihail] ½-½}) ({RR} 7... Bb7) 8. e4 O-O $146 ({RR} 8... d4 9. e5 dxc3 10. exf6 Qxd1+ 11. Kxd1 Bxf6 12. bxc3 Bxc3 13. Rb1 O-O 14. Kc2 Bf6 15. Bc4 Kh8 16. Bf4 Nd7 17. Bd6 Re8 18. Kb3 a6 19. a4 axb5 20. Bxb5 Rd8 21. Bc7 Rf8 22. Rhd1 Nb8 23. Bd6 {Makarian,R (2525)-Shukhman,A (2258) chess.com INT 2024 1-0 (48)}) ({RR} 8... d4 9. e5 dxc3 10. exf6 Bxf6 11. Qxd8+ Kxd8 12. Bg5 cxb2 13. Rb1 Bb7 14. Rxb2 Bxf3 15. Bxf6+ gxf6 16. gxf3 Rg8 17. Bc4 Nd7 18. f4 Rg4 19. Bxe6 Rxf4 20. Bxd7 Kxd7 21. Rg1 Rh4 22. Rg7+ Ke6 23. Rc7 {Burgess,G (2270)-Hansen,F Denmark 1992 ½-½ (53)}) ({RR} 8... d4 9. Nb1 Nxe4 10. Bd3 Nf6 11. O-O O-O 12. Nbd2 Nbd7 13. Re1 Nd5 14. Nc4 N7b6 15. Nfe5 Nxc4 16. Bxc4 Bg5 17. g3 Bxc1 18. Rxc1 Qf6 19. Qd2 Bb7 20. Nd7 Qf3 21. Qe2 d3 22. Qxf3 Rxf3 23. Rxe6 {Valdes,L (2300)-Gomez Segura,A (2325) Hermanos Saiz 1992 1-0}) 9. Bd3 Nbd7 10. O-O Bb7 11. Ng5 Qb6 12. exd5 exd5 13. Re1 Bd6 14. Ne6 c4 15. Nxf8 Rxf8 16. Bf1 Ng4 17. Be3 Bxh2+ 18. Kh1 Nxf2+ 19. Bxf2 Qxf2 20. Kxh2 Rf4 21. Qh5 Rh4+ 22. Qxh4 Qxh4+ 23. Kg1 Nf6 24. Be2 h5 25. Rad1 d4 26. Bxc4+ Kh8 27. Na4 Qg3 28. Re2 Ng4 29. Re8+ Kh7 30. Bd3+ g6 31. Re7+ Kh6 32. Be4 Qf2+ 33. Kh1 Qh4+ 34. Kg1 Qxe7 0-1

[Event "45th FIDE Chess Olympiad Open"]
[Site "Budapest, Hungary"]
[Date "2024.09.13"]
[Round "3.241"]
[White "Njoroge, Martin"]
[Black "Wiedenkeller, Michael"]
[Result "0-1"]
[WhiteElo "1972"]
[BlackElo "2406"]
[PlyCount "108"]
[EventDate "2024.??.??"]
[WhiteTeam "Kenya"]
[BlackTeam "Luxembourg"]
[WhiteTeamCountry "KEN"]
[BlackTeamCountry "LUX"]
[WhiteClock "0:35:16"]
[BlackClock "0:24:08"]

1. d4 d5 2. c4 dxc4 3. e3 Nf6 4. Bxc4 e6 5. Nf3 c5 6. O-O a6 7. Qe2 b5 8. Bd3 cxd4 9. exd4 Be7 10. Be3 $146 ({RR} 10. Bg5 Bb7 11. a4 bxa4 12. Rxa4 Bc6 13. Ra1 O-O 14. Nc3 a5 15. Rfd1 Nbd7 16. Bc2 Re8 17. Ne5 Nxe5 18. dxe5 Nd5 19. Bxh7+ Kxh7 20. Qh5+ Kg8 21. Ne4 Qc7 22. Bxe7 Nxe7 23. Rac1 Red8 24. Rd6 Rxd6 {Szabo,L-Portisch,L Kecskemet 1962 1-0 (43)}) ({RR} 10. a4 bxa4 11. Nc3 O-O 12. Nxa4 Nc6 13. Rd1 Nb4 14. Bc4 Bb7 15. Ne5 Bd5 16. b3 a5 17. Bf4 Rc8 18. h3 Nd7 19. Nxd7 Qxd7 20. Nb6 Qb7 21. Nxc8 Rxc8 22. f3 Qb6 23. Kh1 h6 24. Rac1 Rd8 {Wojtaszek,R (2727)-Dominguez Perez,L (2732) Huaian 2016 ½-½ (48)}) ({RR} 10. a4 b4 11. Nbd2 Bb7 12. a5 Nc6 13. Nb3 O-O 14. Bg5 Nd5 15. Nc5 Bxg5 16. Nxb7 Qe7 17. Bxa6 Bf6 18. Qc4 Nxd4 19. Nxd4 Bxd4 20. Qxd4 Rxa6 21. Nc5 Qa7 22. Nb3 Qxd4 23. Nxd4 Rc8 24. Rfc1 Rxc1+ {Zhou Jianchao (2558)-Matviishen,V (2527) Las Vegas USA 2022 ½-½ (43)}) ({RR} 10. a4 bxa4 11. Nc3 O-O 12. Ne4 Bb7 13. Nc5 Bxc5 14. dxc5 Qc7 15. Bg5 Nbd7 16. Rfc1 Bxf3 17. Qxf3 Ne5 18. Qg3 Nh5 19. Qh3 Nxd3 20. Qxd3 Qe5 21. Qd2 Rab8 22. Rc2 f6 23. Be3 Rfd8 24. Qa5 f5 {Borisenko,G-Suetin,A Kiev 1965 1-0 (42)}) ({RR} 10. Bg5 Bb7 11. a4 b4 12. Nbd2 O-O 13. Nc4 Nc6 14. Rfd1 Kh8 15. Nce5 Qd5 16. Bc4 Qd8 17. Nxc6 Bxc6 18. Ne5 Bb7 19. Rd3 Ne4 20. Bxe7 Qxe7 21. d5 Nd6 22. Bb3 f6 23. Nc6 Bxc6 24. dxc6 Rac8 {Portisch,L-Wettstein,M Adelaide 1971 1-0}) 10... O-O 11. Nbd2 Bb7 12. Rac1 Nbd7 13. Ne5 Rc8 14. Ndf3 Nb6 15. Rfd1 Qd5 16. Bb1 Rfd8 17. Nd3 Rxc1 18. Rxc1 Qh5 19. Nf4 Bxf3 20. gxf3 Qh4 21. Ng2 Qh5 22. Nf4 Qg5+ 23. Ng2 Qd5 24. Nf4 Qd7 25. Nd3 Rc8 26. Rd1 Nbd5 27. Nc5 Qc6 28. Ne4 Nh5 29. Qd3 g6 30. Qf1 Ndf4 31. Kh1 Qd5 32. Rc1 Rd8 33. a4 f5 34. Nd2 Bb4 35. Ne4 fxe4 36. fxe4 Qb7 37. Qd1 Rc8 38. Qg4 Rxc1+ 39. Bxc1 Qc7 40. Be3 Qc4 41. h3 Qf1+ 42. Kh2 Qxb1 43. Bxf4 Qxe4 44. Be5 Qxg4 45. hxg4 Ng7 46. axb5 axb5 47. Kg3 Ne8 48. Kf3 Nd6 49. b3 h5 50. Kg3 Ne4+ 51. Kf4 Nxf2 52. gxh5 Nd3+ 53. Kg5 Nxe5 54. dxe5 gxh5 0-1

[Event "45th FIDE Chess Olympiad Open"]
[Site "Budapest, Hungary"]
[Date "2024.09.13"]
[Round "3.242"]
[White "Berend, Fred"]
[Black "Oluka Robert Mcligeyo"]
[Result "1-0"]
[WhiteElo "2230"]
[BlackElo "1990"]
[PlyCount "74"]
[EventDate "2024.??.??"]
[WhiteTeam "Luxembourg"]
[BlackTeam "Kenya"]
[WhiteTeamCountry "LUX"]
[BlackTeamCountry "KEN"]
[WhiteClock "0:05:33"]
[BlackClock "0:30:30"]

1. d4 Nf6 2. c4 e6 3. g3 Bb4+ 4. Bd2 Bxd2+ 5. Qxd2 d5 6. Bg2 O-O 7. Nf3 c5 8. O-O ({RR} 8. cxd5 Ne4 9. Qc2 exd5 10. O-O c4 11. Nc3 Nxc3 12. bxc3 Nc6 13. Nd2 f5 14. a4 Be6 15. Rfb1 Qd7 16. Rb5 b6 17. Qb2 Na5 18. Nf1 f4 19. Nd2 Rab8 20. Nf3 Nb3 21. Re1 a6 22. Ne5 Qd6 {Terrieux,K (2406)-Cabanas Lopez,M (2001) Maia POR 2024 ½-½ (50)}) 8... cxd4 9. cxd5 Nxd5 10. Nxd4 Nd7 $146 ({RR} 10... Nb6 11. Rd1 Bd7 12. Bxb7 Qc7 13. Bxa8 Nxa8 14. Nc3 {1-0 (14) Li,C (2758)-En,H Harbin 2016}) 11. Rd1 Qb6 12. Na3 N5f6 13. Nc4 Qa6 14. b3 Nc5 15. Qb4 Nce4 16. f3 Nd5 17. Qe1 Nec3 18. Rd3 b5 19. Ne3 b4 20. Ndc2 Qb6 21. Qf2 Ba6 22. Rd2 Nxe3 23. Nxe3 Rad8 24. Rc2 Qd4 25. Rac1 Rc8 26. Bf1 Rfd8 27. Kg2 h5 28. h4 Bb5 29. Nd1 Qxf2+ 30. Nxf2 Bd7 31. Nd3 a5 32. a3 Nd5 33. Rxc8 Bxc8 34. axb4 axb4 35. Kf2 Ba6 36. Ne5 Nc3 37. Nc6 Rd2 1-0

[Event "45th FIDE Chess Olympiad Open"]
[Site "Budapest, Hungary"]
[Date "2024.09.13"]
[Round "3.243"]
[White "Wanasunia, Elvis Likoko"]
[Black "Mertens, Marc"]
[Result "1/2-1/2"]
[WhiteElo "1942"]
[BlackElo "2120"]
[PlyCount "153"]
[EventDate "2024.??.??"]
[WhiteTeam "Kenya"]
[BlackTeam "Luxembourg"]
[WhiteTeamCountry "KEN"]
[BlackTeamCountry "LUX"]
[WhiteClock "0:15:29"]
[BlackClock "0:01:40"]

1. d4 Nf6 2. Nf3 g6 3. c4 Bg7 4. Nc3 d5 5. Qb3 dxc4 6. Qxc4 Be6 7. Qd3 ({RR} 7. Qa4+ Bd7 8. Qb3 c5 9. d5 b5 10. e4 b4 11. e5 bxc3 12. exf6 Bxf6 13. bxc3 O-O 14. Bh6 Re8 15. Bc4 Bg4 16. Nd2 Nd7 17. h3 Rb8 18. Qa3 Bf5 19. O-O Ne5 20. Bf4 Rb7 21. Bxe5 Bxe5 {Volkov,S (2645)-Svidler,P (2765) St Petersburg 2017 0-1 (32)}) 7... O-O 8. e4 c6 ({RR} 8... c5 9. dxc5 Nc6 10. Be2 Qxd3 11. Bxd3 Nb4 12. Bb1 Bc4 13. a3 Nd3+ 14. Bxd3 Bxd3 15. Nd2 Nd7 16. Nb3 Rfc8 17. Be3 a5 18. O-O-O Ne5 19. Nd5 Bxe4 20. Nxe7+ Kf8 21. Nxc8 Rxc8 22. Nxa5 b6 23. Nb3 {Collins,A (2189)-Korchmar,V (2438) chess.com INT 2024 0-1 (59)}) 9. h3 $146 ({RR} 9. Be2 Nbd7 10. Ng5 Qc7 11. Nxe6 fxe6 12. Qc4 Rad8 13. Qxe6+ Kh8 14. Be3 Rfe8 15. f4 b5 16. b4 Qb6 17. e5 Nf8 18. Qh3 Nd5 19. Nxd5 cxd5 20. O-O e6 21. Rfc1 a6 22. Bd3 Kg8 23. g4 Rc8 {Luciani,V (2175)-Vita,F (1959) Asiago 1995 1-0 (36)}) ({RR} 9. Be2 Nbd7 10. O-O Nb6 11. b3 Bg4 12. Be3 Qc8 13. Rac1 Rd8 14. Qb1 Bxf3 15. Bxf3 Ng4 16. Bxg4 Qxg4 17. h3 Qh4 18. Rcd1 Rd7 19. f4 Rad8 20. Ne2 e6 21. Kh2 Qe7 22. a4 Qd6 23. a5 Nc8 {Berner,G-Doe,R Winnipeg 1953 1-0 (34)}) 9... b5 10. Nd2 Na6 11. a3 Qb6 12. d5 Nc5 13. Qf3 cxd5 14. exd5 Bd7 15. g4 e6 16. Bg2 exd5 17. O-O Bc6 18. g5 Nfe4 19. Ndxe4 Nxe4 20. Be3 Qb7 21. Nxe4 dxe4 22. Qe2 a5 23. Rfd1 Rad8 24. Rac1 Rfe8 25. Qc2 Rc8 26. Qd2 a4 27. Bd4 Bxd4 28. Qxd4 e3 29. Rxc6 exf2+ 30. Qxf2 Rxc6 31. Rf1 Re7 32. Rd1 Rd7 33. Re1 Qb6 34. Bxc6 Qxc6 35. Qe3 Qd6 36. b4 axb3 37. Qxb3 Qc5+ 38. Qe3 Qxe3+ 39. Rxe3 Rd5 40. Rg3 Kf8 41. Kf2 Ke7 42. Ke3 Ke6 43. Ke4 Rc5 44. Kd3 Rc4 45. Rf3 Rh4 46. Ke3 Ke5 47. Kd2 Rf4 48. Rb3 Rd4+ 49. Ke3 Rd5 50. Kf3 Kd4 51. h4 Kc4 52. Rb4+ Kc5 53. Ke3 Rf5 54. Ke2 Re5+ 55. Kd2 Rd5+ 56. Kc3 Rf5 57. Re4 Rf3+ 58. Kb2 f6 59. gxf6 Rxf6 60. h5 Rf5 61. hxg6 hxg6 62. Rg4 g5 63. a4 bxa4 64. Rxa4 Kd6 65. Kc2 Rd5 66. Re4 Kc6 67. Kc3 Kc5 68. Ra4 Re5 69. Kd3 Kd6 70. Ra6+ Ke7 71. Kd4 Re1 72. Rg6 Rg1 73. Ke3 Kf7 74. Ra6 Rf1 75. Ke2 Rf5 76. Ke3 Rf4 77. Rb6 1/2-1/2

[Event "45th FIDE Chess Olympiad Open"]
[Site "Budapest, Hungary"]
[Date "2024.09.13"]
[Round "3.244"]
[White "Gengler, Pierre"]
[Black "Mutuge Ian"]
[Result "1/2-1/2"]
[WhiteElo "2097"]
[BlackElo "1938"]
[PlyCount "187"]
[EventDate "2024.??.??"]
[WhiteTeam "Luxembourg"]
[BlackTeam "Kenya"]
[WhiteTeamCountry "LUX"]
[BlackTeamCountry "KEN"]
[WhiteClock "0:09:47"]
[BlackClock "0:02:55"]

1. g3 d5 2. Bg2 c6 3. Nf3 Nf6 4. O-O g6 5. b3 Bg7 6. Bb2 O-O 7. d4 ({RR} 7. e3 Bg4 8. h3 Bf5 9. d3 Na6 10. Nbd2 Qc7 11. Qe2 Rfe8 12. e4 dxe4 13. dxe4 Bd7 14. e5 Nd5 15. c4 Nb6 16. Ne4 c5 17. Rad1 Rad8 18. Neg5 h6 19. Nxf7 Kxf7 20. e6+ Bxe6 21. Bxg7 Bxc4 {Poormosavi,S (2384)-Baloglu,D (1896) chess.com INT 2024 0-1 (31)}) 7... Bf5 8. Nh4 $146 ({RR} 8. Nbd2 Re8 9. c4 Ne4 10. Nh4 Nxd2 11. Qxd2 Be6 12. Rac1 f5 13. Nf3 Kh8 14. Qf4 Bg8 15. cxd5 Qxd5 16. Rfd1 Qd8 17. Ne5 e6 18. d5 g5 19. Qd4 Re7 20. d6 Rd7 21. Nxd7 {1-0 (21) Kulkarni,C (2210)-Anuprita,P (2062) Mumbai 2008}) ({RR} 8. Nbd2 Nbd7 9. Nh4 Ne4 10. Nxf5 gxf5 11. f3 Nxd2 12. Qxd2 Nf6 13. Qf4 e6 14. Ba3 Re8 15. g4 fxg4 16. fxg4 h6 17. Bd6 Nxg4 18. h3 Ne3 19. Rf3 Nf5 20. Be5 Qg5 21. Bxg7 Qxg7 22. c3 Kh8 {Ciungan,D (1903)-Traistaru,T (2152) Baile Govora 2017 0-1 (68)}) 8... Be6 9. Nd2 Qd7 10. Re1 Bh3 11. Bh1 Re8 12. Ndf3 Qd8 13. Ng2 Nbd7 14. Nf4 Bg4 15. Ne5 Bf5 16. f3 Qb6 17. e3 h5 18. c4 Rad8 19. c5 Qc7 20. Ned3 Nf8 21. Ne2 N6d7 22. f4 Bxd3 23. Qxd3 e6 24. h3 Nxc5 25. Qc2 Na6 26. g4 hxg4 27. hxg4 Qe7 28. Bf3 c5 29. Ba3 Nb4 30. Bxb4 cxb4 31. Rac1 Qd7 32. Qd2 a5 33. Rc5 b6 34. Rc2 Rc8 35. Rec1 Rxc2 36. Qxc2 Rb8 37. Ng3 Qd6 38. g5 Nd7 39. Be2 b5 40. Qc7 Qxc7 41. Rxc7 Nb6 42. Bxb5 Na8 43. Ra7 Rxb5 44. Rxa8+ Bf8 45. Kf1 Kg7 46. Ke1 Bd6 47. Ra6 Bc7 48. Ne2 Kf8 49. Nc1 Ke7 50. Nd3 Bd6 51. Ra7+ Ke8 52. Kd2 Kf8 53. Nb2 Ke8 54. Na4 Kf8 55. Ra6 Ke7 56. Kd3 Kd7 57. Ra7+ Ke8 58. Nb2 Kf8 59. Nd1 Bb8 60. Ra6 Ke7 61. Rc6 Kd7 62. Rc2 Bd6 63. Nf2 Rb7 64. Ng4 Rc7 65. Nf6+ Ke7 66. Rh2 Rc3+ 67. Kd2 Rc8 68. Rh7 Ra8 69. Ng4 Rc8 70. Nh6 Rf8 71. Ke2 Bc7 72. Kf3 Bd6 73. e4 dxe4+ 74. Kxe4 Bb8 75. Rg7 Bc7 76. Ng8+ Kd8 77. Nf6 Ke7 78. d5 Rh8 79. dxe6 Kxe6 80. Rg8 Rxg8 81. Nxg8 Bd8 82. Nh6 Bc7 83. Ng4 Bd8 84. Ne5 Bc7 85. Nc4 Bd8 86. Nb2 Bb6 87. Nc4 Bc7 88. a3 bxa3 89. Nxa3 Bd8 90. Nb5 Bb6 91. Nc3 Bc7 92. Ne2 Bb6 93. Ng3 Bd8 94. Ne2 1/2-1/2

[Event "45th FIDE Chess Olympiad Open"]
[Site "Budapest, Hungary"]
[Date "2024.09.13"]
[Round "3.245"]
[White "Bagheri, Amir"]
[Black "Saah, Thomas"]
[Result "1-0"]
[WhiteElo "2372"]
[BlackElo "1939"]
[PlyCount "111"]
[EventDate "2024.??.??"]
[WhiteTeam "Monaco"]
[BlackTeam "Liberia"]
[WhiteTeamCountry "MNC"]
[BlackTeamCountry "LBR"]
[WhiteClock "0:18:22"]
[BlackClock "1:05:02"]

1. d4 Nf6 2. Nf3 d5 3. c4 e6 4. g3 b6 5. cxd5 exd5 6. Nc3 Be7 7. Bg2 O-O 8. O-O Bb7 9. Ne5 a6 ({RR} 9... c6 10. e4 dxe4 11. Nxe4 Nd5 12. Nc3 Bf6 13. Nxd5 cxd5 14. Bf4 Nc6 15. Rc1 Nxe5 16. dxe5 Be7 17. Qa4 a6 18. Be3 f6 19. e6 Rb8 20. Rfd1 Qe8 21. Qd7 Qxd7 22. exd7 d4 23. Bf4 Bxg2 24. Bxb8 {Gheorghiu,F (2550)-Mariotti,S (2455) Biel 1982 1-0 (46)}) 10. Bf4 ({RR} 10. b3 Re8 11. Bb2 Nbd7 12. Rc1 Bd6 13. f4 c5 14. e3 cxd4 15. exd4 b5 16. Qd3 Rc8 17. Rfe1 Nb6 18. h3 b4 19. Nd1 Rxc1 20. Bxc1 Ne4 21. Nf2 f6 22. Neg4 h5 23. Nh2 Nxg3 24. Rxe8+ Qxe8 {Lajbl,J (2235)-Cerveny,M (2388) Czech Republic CZE 2024 0-1 (34)}) 10... c5 $146 ({RR} 10... Nc6 11. Rc1 Na5 12. Qa4 Qe8 13. Rfd1 Rd8 14. a3 c6 15. Qc2 c5 16. dxc5 bxc5 17. b3 d4 18. Bxb7 Nxb7 19. Na4 Nd5 20. Nd3 Nxf4 21. Nxf4 Bg5 22. Qd3 Bxf4 23. gxf4 Qc6 24. Rc2 Rd6 25. f5 {Lin,Y (2403)-Kyaw,L (2289) Ho Chi Minh City 2017 ½-½ (44)}) ({RR} 10... Nc6 11. Rc1 Nxe5 12. dxe5 Ne4 13. Nxe4 dxe4 14. Qc2 Rc8 15. Bh3 Rb8 16. Rfd1 Qe8 17. Bd7 Qd8 18. Qxc7 Qxc7 19. Rxc7 Bc5 20. Bh3 Rbd8 21. Rxd8 Rxd8 22. Rxb7 h6 23. e6 Rd1+ 24. Kg2 fxe6 25. Bxe6+ {Hejazipour,M (2345)-Velieva,H (2056) Ashkhabad 2017 1-0}) ({RR} 10... Nbd7 11. Rc1 c5 12. Nxd7 Qxd7 13. Na4 Qc6 14. dxc5 bxc5 15. Nxc5 Bxc5 16. Be3 Qb5 17. Bxc5 Rfe8 18. e3 Ne4 19. Bd4 Re6 20. Rc7 Rc8 21. Rxc8+ Bxc8 22. Bh3 Ng5 23. Bxe6 Bxe6 24. h4 Ne4 25. Re1 {Otalora Pacheco,C (2193)-Pai,J (2055) Cartagena 2019 1-0 (43)}) 11. dxc5 bxc5 12. Qb3 Ra7 13. Rfd1 c4 14. Nxc4 Ba8 15. Ne3 Rb7 16. Nexd5 Rxb3 17. Nxf6+ Bxf6 18. Rxd8 Rxd8 19. axb3 g5 20. Bxg5 Bxg5 21. Bxa8 Bf6 22. Bb7 Rd7 23. Bc8 Ra7 24. b4 Nc6 25. Rxa6 Rxa6 26. Bxa6 Nxb4 27. Bc4 Bd4 28. e3 Ba7 29. Ne4 Kg7 30. Nd6 f6 31. Kg2 Nc2 32. Ne8+ Kh8 33. Kf3 Bb8 34. Ke4 Be5 35. b3 Nb4 36. Kf5 Bc3 37. Nxf6 Be1 38. Ne4 Kg7 39. h4 h6 40. g4 Nc6 41. Ke6 Bb4 42. Ng3 Be1 43. Nf5+ Kg6 44. h5+ Kg5 45. f4+ Kxg4 46. Be2+ Kh3 47. Nxh6 Kg2 48. Nf5 Kf2 49. Bb5 Nb4 50. h6 Kf3 51. h7 Bc3 52. Nd4+ Kxe3 53. h8=Q Bxd4 54. Qh3+ Kxf4 55. Qh4+ Ke3 56. Qe1+ 1-0

[Event "45th FIDE Chess Olympiad Open"]
[Site "Budapest, Hungary"]
[Date "2024.09.13"]
[Round "3.246"]
[White "Harmon, Barcon"]
[Black "Levacic, Damir"]
[Result "0-1"]
[WhiteElo "1968"]
[BlackElo "2097"]
[PlyCount "92"]
[EventDate "2024.??.??"]
[WhiteTeam "Liberia"]
[BlackTeam "Monaco"]
[WhiteTeamCountry "LBR"]
[BlackTeamCountry "MNC"]
[WhiteClock "0:04:11"]
[BlackClock "0:03:55"]

1. e4 d6 2. d4 Nf6 3. Bd3 g6 4. Nf3 Bg7 5. O-O O-O 6. h3 Nc6 7. c3 e5 8. a3 ({RR} 8. Na3 exd4 9. cxd4 Re8 10. Re1 a6 11. Nc2 h6 12. Bf4 d5 13. e5 Ne4 14. Nd2 Bf5 15. Nxe4 dxe4 16. Bxe4 Bxe4 17. Rxe4 Qd5 18. Re1 Rad8 19. Be3 Ne7 20. Nb4 Qb5 21. Qb3 Nf5 22. Rac1 a5 {Svetushkin,D (2574)-Bortnyk,O (2566) Kishinev 2017 ½-½ (42)}) 8... h6 ({RR} 8... d5 9. dxe5 Nxe4 10. Bxe4 dxe4 11. Nd4 Nxe5 12. Be3 Qh4 13. Nd2 Re8 14. g3 Qxh3 15. Nxe4 Ng4 16. Nf3 Nxe3 17. fxe3 Rxe4 18. Qd8+ Bf8 19. Kf2 Re7 20. Rad1 b6 21. Qd5 Rb8 22. Rh1 Qe6 23. Qxe6 {Klawitter,B (1593)-Ziefle,S Hamburg 2018 0-1}) 9. Nbd2 $146 ({RR} 9. Re1 a6 10. Be3 Re8 11. Qc2 Nh5 12. g4 Qf6 13. Qd1 Nf4 14. Bxf4 Qxf4 15. d5 Nb8 16. Nh2 Nd7 17. b4 Nf6 18. Qd2 h5 19. Qxf4 exf4 20. f3 Nxd5 21. Rc1 Ne3 22. Ra2 Be6 23. Re2 c5 {Haskaj,F-Henrichs,T (2410) Duesseldorf 1997 0-1 (33)}) ({RR} 9. Kh2 Nd7 10. d5 Ne7 11. c4 f5 12. Nc3 a5 13. b3 Nf6 14. Ra2 c5 15. Nh4 Bd7 16. a4 Ne8 17. g3 f4 18. Nf3 g5 19. g4 Ng6 20. Ne1 Nf6 21. f3 h5 22. Ng2 Rf7 23. Kg1 Bf8 {Zielinski,O (1926)-Yrjola,J (2357) Rhodes 2015 0-1}) ({RR} 9. Be3 a6 10. Nbd2 Qe7 11. b4 Kh7 12. dxe5 Nxe5 13. Nxe5 Qxe5 14. Rc1 Nd7 15. f4 Qe7 16. Qf3 a5 17. Bd4 axb4 18. axb4 Ra2 19. Nc4 b6 20. Bb1 Ra4 21. Bxg7 Kxg7 22. Rce1 Ba6 23. Qd1 Ra1 {Karaahmetoglu,E (2034)-Nalbant,T (2037) Konya 2017 1-0 (52)}) 9... Nh5 10. Nb3 Qf6 11. Re1 Nf4 12. Bf1 g5 13. Bxf4 Qxf4 14. g3 Qf6 15. d5 Ne7 16. Nh2 Qg6 17. g4 Qf6 18. Qf3 Ng6 19. Qxf6 Bxf6 20. Nd2 Nf4 21. Nc4 h5 22. Ne3 Kg7 23. Nf5+ Kg6 24. gxh5+ Nxh5 25. Be2 Nf4 26. Bg4 Rh8 27. Re3 Nxd5 28. exd5 Bxf5 29. Bxf5+ Kxf5 30. Rf3+ Kg6 31. Ng4 Bg7 32. c4 e4 33. Rb3 b6 34. Kg2 f5 35. Ne3 Be5 36. Re1 Rh4 37. a4 Rah8 38. Nd1 a5 39. Rbe3 Bd4 40. Rb3 Bc5 41. Kh2 g4 42. Kg2 Rxh3 43. Rxh3 Rxh3 44. Nc3 Bb4 45. Re3 Bxc3 46. bxc3 Rf3 0-1

[Event "45th FIDE Chess Olympiad Open"]
[Site "Budapest, Hungary"]
[Date "2024.09.13"]
[Round "3.247"]
[White "Meylan, Andre"]
[Black "Debblay, David Leroy"]
[Result "1-0"]
[WhiteElo "2165"]
[BlackElo "1904"]
[PlyCount "75"]
[EventDate "2024.??.??"]
[WhiteTeam "Monaco"]
[BlackTeam "Liberia"]
[WhiteTeamCountry "MNC"]
[BlackTeamCountry "LBR"]
[WhiteClock "0:32:36"]
[BlackClock "0:22:28"]

1. e4 e6 2. d4 d5 3. Nd2 c5 4. exd5 Qxd5 5. Ngf3 Nf6 6. Bc4 Qd8 7. O-O cxd4 8. Nb3 Be7 9. Nbxd4 O-O 10. Qe2 a6 11. Bf4 ({RR} 11. Re1 Nc6 12. Nxc6 bxc6 13. Ne5 Qc7 14. Bf4 Bd6 15. Bg3 Bb7 16. Rad1 Nd5 17. Bd3 Rad8 18. c4 Nf6 19. c5 Bxc5 20. Ng6 Qb6 21. Nxf8 Bxf8 22. Bh4 Be7 23. Be4 a5 24. Rxd8+ Qxd8 25. Qc2 Nxe4 {Birkisson,B (2189)-Abbott,J (1852) Reykjavik ISL 2024 1-0}) 11... Qb6 12. c3 $146 ({RR} 12. Bb3 Nc6 13. Rad1 Bc5 14. c3 Re8 15. Rfe1 Nxd4 16. Nxd4 Bxd4 17. Rxd4 Qc5 18. Be5 b5 19. Bxf6 gxf6 20. Bc2 Bb7 21. Be4 Qc7 22. Qg4+ Kf8 23. Bxh7 Rad8 24. Rf4 Rd5 25. Rxf6 {1-0 (25) Barson,L (2026)-Zorkoczy,G (1974) Hungary 2014}) ({RR} 12. Bb3 Nc6 13. Nxc6 Qxc6 14. Rfe1 Nd5 15. Bg3 Bf6 16. c4 Ne7 17. Rad1 Nf5 18. Be5 Be7 19. Bc3 b6 20. Bc2 Ra7 21. Ne5 Qc7 22. Rd3 f6 23. Ng4 Qxc4 24. Bb3 Qc6 25. Ne3 Nxe3 26. Rxe3 Bc5 {Kosten,A (2510)-Hempson,P (2225) Blackpool 1988 1-0 (67)}) ({RR} 12. Bb3 Nc6 13. Nxc6 Qxc6 14. Ne5 Qe4 15. Qxe4 Nxe4 16. Nc4 Bc5 17. Rad1 b5 18. Nd6 Bxd6 19. Bxd6 Rd8 20. Bb4 Bb7 21. f3 Nf6 22. Ba5 Rxd1 23. Rxd1 Nd5 24. Be1 Rc8 25. c3 Kf8 26. Bf2 Ke7 {Fabre Massana,M (2232)-Parramon Arimany,M (1997) Castell de Tona 2012 1-0 (38)}) 12... Nc6 13. Nxc6 Qxc6 14. Rfe1 b5 15. Bb3 Bb7 16. Qf1 Rad8 17. Nd4 Qb6 18. Bg5 Bd5 19. Nf5 exf5 20. Rxe7 Bxb3 21. axb3 Nd5 22. Ree1 f6 23. Bd2 Rfe8 24. c4 Rxe1 25. Qxe1 Nc7 26. Ba5 Qc6 27. cxb5 Qd6 28. Bxc7 Qxc7 29. bxa6 Ra8 30. Qc3 Qd6 31. a7 h6 32. Qf3 Qd8 33. b4 g5 34. b5 g4 35. Qb3+ Kg7 36. b6 Qe7 37. Qd5 Qe8 38. g3 1-0

[Event "45th FIDE Chess Olympiad Open"]
[Site "Budapest, Hungary"]
[Date "2024.09.13"]
[Round "3.248"]
[White "Smith, Arnold"]
[Black "Van Hoolandt, Patrick"]
[Result "0-1"]
[WhiteElo "1915"]
[BlackElo "2036"]
[PlyCount "98"]
[EventDate "2024.??.??"]
[WhiteTeam "Liberia"]
[BlackTeam "Monaco"]
[WhiteTeamCountry "LBR"]
[BlackTeamCountry "MNC"]
[WhiteClock "0:41:13"]
[BlackClock "0:25:18"]

1. e4 e5 2. Nf3 Nc6 3. Bb5 Nf6 4. d3 Bc5 5. O-O Nd4 6. Nxd4 Bxd4 7. c3 Bb6 8. Bg5 h6 9. Bh4 c6 10. Bc4 d6 11. Nd2 g5 12. Bg3 h5 ({RR} 12... Bg4 13. Qb3 O-O 14. h3 Bh5 15. Qc2 Bg6 16. Bb3 Nh5 17. Bh2 Nf4 18. Nc4 Bc7 19. Ne3 Qf6 20. Rad1 h5 21. Rfe1 Rad8 22. Rd2 Rfe8 23. Qd1 Kg7 24. Qf3 d5 25. Red1 d4 26. Nc2 dxc3 27. bxc3 {Hovhannisyan,R (2601)-Pashikian,A (2630) Jermuk 2014 ½-½ (60)}) 13. h3 $146 ({RR} 13. h4 Rg8 14. Qb3 Qe7 15. d4 gxh4 16. Bxh4 Bh3 17. g3 O-O-O 18. Rfe1 Rg4 19. Nf3 Rg7 20. a4 Rdg8 21. a5 Bd8 22. dxe5 dxe5 23. Qa3 Qxa3 24. Rxa3 Nd7 25. Bxd8 Rxd8 26. b4 Bg4 27. Nh4 Nf8 {Cordovil,J (2139)-Sousa,A (2380) Lisbon 2017 0-1 (53)}) ({RR} 13. h4 Bg4 14. Qb3 Nh7 15. Bxf7+ Kf8 16. Nc4 Qf6 17. Nxb6 axb6 18. f3 Bd7 19. Bxh5 Be6 20. Qxb6 gxh4 21. f4 Qg7 22. fxe5+ Kg8 23. Bh2 {1-0 (23) Veiga,J (2145)-Moreira,S (1452) Luso 2017}) ({RR} 13. h4 Bg4 14. Qb3 Qd7 15. hxg5 h4 16. Bh2 Nh7 17. d4 h3 18. dxe5 Nxg5 19. exd6 hxg2 20. Rfe1 Bf3 21. Nxf3 Nxf3+ 22. Kxg2 Qh3+ {0-1 (22) Howell,D-McMahon,D (2238) Bunratty 2000}) 13... h4 14. Bh2 g4 15. hxg4 Bxg4 16. Qb3 Qe7 17. a4 Rg8 18. Kh1 Be2 19. Rfe1 Bh5 20. Rf1 Ng4 21. a5 Nxf2+ 22. Rxf2 Bxf2 23. Rf1 Be3 24. Nf3 O-O-O 25. Qc2 a6 26. Qe2 Ba7 27. d4 exd4 28. cxd4 Bxd4 29. Qd3 Ba7 30. b4 Rg3 31. e5 Bg6 32. exd6 Rxd6 33. Qc3 Bd4 34. Qc1 Be3 35. Qc3 Bd4 36. Qc1 Be3 37. Qc3 Bd2 38. Qh8+ Rd8 39. Qxh4 Qxh4 40. Nxh4 Rg4 41. Nxg6 Rxc4 42. Ne5 Rc1 43. Rxc1 Bxc1 44. Kg1 f6 45. Nc4 Rd4 46. Nd6+ Kd7 47. Nxb7 Be3+ 48. Kf1 Rxb4 49. Nd6 Bf4 0-1